|
|
|
|
| LEADER |
00000cam a2200000 7i4500 |
| 001 |
0000027488 |
| 005 |
20151222.0 |
| 008 |
090908 |
| 020 |
|
|
|a 9831952962
|
| 090 |
0 |
0 |
|a PLC
|b MAL
|
| 100 |
1 |
|
|a Maruwiah Ahmat
|
| 245 |
1 |
0 |
|a Terengganu Darul Iman
|c Maruwiah Ahmat
|
| 260 |
|
|
|a Shah Alam :
|b Karisma Publications ,
|c 2008
|
| 440 |
|
|
|a Kenali negeri kita
|
| 500 |
|
|
|a Children ages 10-12 years old (pink)
|
| 650 |
|
0 |
|a Terengganu
|x description and travel
|x juvenile literature
|
| 650 |
|
0 |
|a Terengganu
|x history
|x juvenile literature
|
| 650 |
|
0 |
|a Terengganu
|x politics and government
|x juvenile literature
|
| 999 |
|
|
|a 0001055816
|b Book
|c Children Collection
|e Cawangan AEON Kulaijaya
|
| 999 |
|
|
|a 0001055837
|b Book
|c Children Collection
|e Cawangan Taman Universiti
|
| 999 |
|
|
|a 0001055851
|b Book
|c Children Collection
|e Cawangan AEON Kulaijaya
|
| 999 |
|
|
|a 0001055852
|b Book
|c Children Collection
|e Cawangan Taman Universiti
|